Σύγχρονη τέχνη - νέες τεχνολογίες - εικονική πραγματικότητα : μεταπτυχιακή διατριβή

Αποθηκεύτηκε σε:
Λεπτομέρειες βιβλιογραφικής εγγραφής
Κύριος συγγραφέας: Μοσχοβάκης, Ανδρέας Δ.
Συγγραφή απο Οργανισμό/Αρχή: Πανεπιστήμιο Αιγαίου. Σχολή Κοινωνικών Επιστημών. Τμήμα Πολιτισμικής Τεχνολογίας και Επικοινωνίας. Πρόγραμμα Μεταπτυχιακών Σπουδών Πολιτισμική Πληροφορική και Επικοινωνία
Άλλοι συγγραφείς: Σαμπανίκου, Εύη Δημ., 1965- (Εισηγητής διατριβής)
Μορφή: Thesis Βιβλίο
Γλώσσα:Greek
Δημοσίευση: 2004
Θέματα:
Διαθέσιμο Online:http://hdl.handle.net/11610/16027
Ετικέτες: Προσθήκη ετικέτας
Δεν υπάρχουν, Καταχωρήστε ετικέτα πρώτοι!

MARC

LEADER 00000cam a2200000 i 4500
001 1/26207
008 060314s2004 gre d
035 |l 10083103 
040 |a GR-MY-UA  |b gre  |e aacr 
041 0 |a gre 
082 0 |a 709.2  |2 (22) 
100 1 |a Μοσχοβάκης, Ανδρέας Δ. 
245 1 0 |a Σύγχρονη τέχνη - νέες τεχνολογίες - εικονική πραγματικότητα :  |b μεταπτυχιακή διατριβή /  |c Μοσχοβάκης Ανδρέας Δ. ; υπεύθυνη καθηγήτρια Εύη Σαμπανίκου 
260 |c 2004 
300 |a 123 σ.;  |b εικ.;  |c 30 εκ. 
502 |a Διατριβή (μεταπτυχιακή) – Πανεπιστήμιο Αιγαίου, Λέσβος, 2004. 
504 |a Βιβλιογραφία: σ. 52-58 
650 0 0 |a Art, Modern. 
650 0 0 |a Virtual reality. 
650 0 0 |a Technology in art. 
650 0 0 |a Virtual reality in art. 
650 0 0 |a Art  |x Digital libraries. 
650 0 0 |a Dissertations, Academic  |z Greece. 
700 1 |4 ths  |a Σαμπανίκου, Εύη Δημ.,   |d 1965- 
710 2 |a Πανεπιστήμιο Αιγαίου.   |b Σχολή Κοινωνικών Επιστημών.   |b Τμήμα Πολιτισμικής Τεχνολογίας και Επικοινωνίας.   |b Πρόγραμμα Μεταπτυχιακών Σπουδών Πολιτισμική Πληροφορική και Επικοινωνία. 
852 |a INST  |b LESVOS  |c DIATR  |e 20060314  |h 1  |p 005100035557  |q 005100035557  |t MTXE  |y 23 
852 |a INST  |b LESVOS  |c DIATR  |e 20060314  |h 2  |p 005100035580  |q 005100035580  |t MTXE  |y 23 
856 |u http://hdl.handle.net/11610/16027 
901 |a BIBL1-2006-1 
909 |a Λ  |b 115368 
909 |a Λ  |b 115369 
924 |a ΜΟΣΧΟΒΑΚΗΣ  |b ΑΝΔΡΕΑΣ Δ.  |y ΛΕΣΒΟΣ  |z 2004-10 
970 |a ΜΑΡΙΝΑΤΟΥ  |b ΜΥΡΣΙΝΗ  |z 2006/03/14